000 00565nas a2200217 i 4500
001 173409
003 ES-MaACL
005 20250415223046.0
008 091201d19451960sp q| | ||pa d
022 _a9952-385X
245 0 0 _aInformaciones económicas.
260 _aMadrid, etc :
_bCrédit Lyonnais,
_c1945-1960.
300 _a25 v. ;
_c15 cm.
310 _aTrimestral
655 7 _2tgfbne
_9226866
_aRevistas
852 _aES-MaACL
_jP-591 bis
_cDEPO2
866 0 _o(1949-1958).
942 _2udc
_cPERIODICA
999 _c173409
_d173409